=LDR 00000nam 2200000 4500 =001 INLIS000000000004668 =005 20130612092932 =008 ***********************************Ind** =035 ##$$0010-061300000004668 =041 ##$$a Ind =082 ##$$a 372.6 =090 ##$$a 372.6, Bur c =100 ##$$a BURHAINI M.S =245 ##$$a English for children: Bahasa Inggris untuk anak disertai gambar dan cara membacanya / oleh Burhani MS. -- =260 ##$$a [s.a.] $b Jombang : Lintas Media =300 ##$$a 96 hlm. : ilus. ; 21 cm =650 ##$$a Pendidikan Dasar - Bahasa Inggris =850 ##$$a NBPNMAT